000
00182 a2200097 4500
020
_a
9780718034122
041
_a
spa
100
_a
Max Lucado
245
_a
Dias de Gloria
942
_c
BK
999
_c
15745
_d
15745